00420nam a2200109Ia 4500008004100000041000800041100001500049245015200064260005100216300000800267700003500275250110s9999 xx 000 0 und d aeng aPatil Ruta aReinvigorating The Interfaces Of Protected Area Through Landscape Policies And Interventions At Tungareshwar Wildlife Sanctuary Vasai-Virar, Mumbai bBNCA M Arch Landscape Architecture, Punec2022 a41p aGuide Name:Kolhatkarf Kshitija